[Event "Dos Hermanas Blitz Final"]
[Site "ICC INT"]
[Date "2010.03.20"]
[Round "4.1"]
[White "Vasquez Schroeder,R"]
[Black "Nakamura,Hi"]
[Result "1-0"]
[WhiteElo "2506"]
[BlackElo "2735"]

1.d4 b6 2.e4 Bb7 3.Bd3 e6 4.Nf3 d5 5.Qe2 Nf6 6.Nbd2 c5 7.dxc5 Bxc5 8.O-O Nc6
9.a3 Qc7 10.b4 Be7 11.Bb2 O-O 12.e5 Nd7 13.c4 dxc4 14.Nxc4 Rad8 15.Rfd1 b5
16.Nd6 Ncxe5 17.Nxb7 Nxd3 18.Nxd8 Nxb2 19.Nxe6  1-0

[Event "Dos Hermanas Blitz Final"]
[Site "ICC INT"]
[Date "2010.03.20"]
[Round "4.2"]
[White "Nakamura,Hi"]
[Black "Vasquez Schroeder,R"]
[Result "1-0"]
[WhiteElo "2735"]
[BlackElo "2506"]

1.d4 d5 2.Nf3 Nf6 3.Bf4 Bf5 4.c4 e6 5.Qb3 Nc6 6.e3 Bb4+ 7.Nc3 O-O 8.Nd2 Rb8
9.a3 Be7 10.cxd5 exd5 11.Rc1 h6 12.Be2 Be6 13.O-O Bd6 14.Bxd6 Qxd6 15.Na4 Ne7
16.Nc5 c6 17.Qa4 a6 18.Qb4 Qc7 19.Qc3 Bc8 20.b4 Nf5 21.a4 Nd6 22.b5 axb5
23.axb5 cxb5 24.Qb4 Nc4 25.Rfd1 b6 26.Nd3 Bd7 27.Ne5 Rfc8 28.Rb1 Be8 29.Nd3 Ra8
30.Qb3 Ra3 31.Qb4 Rca8 32.Nf3 Ra2 33.Qe1 Ne4 34.Nb4 Qd6 35.Nxa2 Rxa2 36.Ra1 Rb2
37.Ra8 Qe7 38.Ne5 g6 39.Rb1 Rxb1 40.Qxb1 Kg7 41.Qa1 Ned6 42.Nd3 Ne4 43.Ne5 Ned6
44.h3 Qe6 45.Nd3 g5 46.Bg4 Qf6 47.Ne5 Qe7 48.Bf3 Qe6 49.Bg4 Qe7 50.Ra7 Qf6
51.Bf3 Qe6 52.Qb1 Nxe5 53.dxe5 Nc4 54.Qd1 Bc6 55.Rc7 Nxe5 56.Qd4 Qf6 57.Bh5 Be8
58.Qxd5 b4 59.Qb3 Qd6 60.Rc1 Bd7 61.Rb1 Bf5 62.Qxb4 Qf6 63.Rd1 Nd3 64.Qd4 Qxd4
65.exd4 b5 66.Bg4 Bg6 67.Be2 Nb2 68.Rd2 Nc4 69.Bxc4 bxc4 70.d5 c3 71.Rd4  1-0

[Event "Dos Hermanas Blitz Final"]
[Site "ICC INT"]
[Date "2010.03.20"]
[Round "4.3"]
[White "Vasquez Schroeder,R"]
[Black "Nakamura,Hi"]
[Result "0-1"]
[WhiteElo "2506"]
[BlackElo "2735"]

1.e4 c6 2.d4 d5 3.exd5 cxd5 4.c4 Nf6 5.Nc3 e6 6.Nf3 Nc6 7.cxd5 Nxd5 8.Bd3 Be7
9.O-O O-O 10.Re1 Bf6 11.Be4 h6 12.a3 Nce7 13.Bc2 Ng6 14.Bxg6 fxg6 15.Ne4 b6
16.Qe2 Bb7 17.Bd2 Qd7 18.Rac1 Rac8 19.Ne5 Bxe5 20.dxe5 Ne7 21.Nd6 Rxc1 22.Rxc1 Nf5
23.Bb4 Nxd6 24.Bxd6 Rc8 25.Qd1 g5 26.h3 Bd5 27.Rc2 Be4 28.Rxc8+ Qxc8 29.Qd2 Bd5
30.f3 Qc4 31.Kh2 a5 32.Qe3 b5 33.Qa7 Qe2 34.Kg3 h5 35.Qg1 Kf7 36.h4 g4 37.Qh1 gxf3
38.gxf3 Qxb2 39.Qe1 Qb3 40.Qe2 b4 41.axb4 axb4 42.Kf2 Qc3 43.Qe3 Qc2+ 44.Kg3 b3
45.Qf4+ Kg8 46.Qf8+ Kh7 47.Qe8 Qf5 48.Kh2 b2  0-1

[Event "Dos Hermanas Blitz Final"]
[Site "ICC INT"]
[Date "2010.03.20"]
[Round "4.4"]
[White "Nakamura,Hi"]
[Black "Vasquez Schroeder,R"]
[Result "1/2-1/2"]
[WhiteElo "2735"]
[BlackElo "2506"]

1.b3 b6 2.Bb2 Bb7 3.Nf3 Nf6 4.g3 e6 5.Bg2 c5 6.O-O Be7 7.d3 O-O 8.e4 d6 9.Qe2 Nc6
10.Nbd2 Nd7 11.c3 Nde5 12.d4 Nxf3+ 13.Nxf3 cxd4 14.cxd4 d5 15.e5 Nb4 16.Rfd1 Rc8
17.Ne1 Ba6 18.Qd2 Qd7 19.Bc3 Nc6 20.Nc2 Rc7 21.Bb2 Rfc8 22.Rac1 g6 23.h4 h5
24.Kh2 Qd8 25.Ne3 Bb4 26.Bc3 Ba3 27.Bb2 Be7 28.Rc2 Nb4 29.Rxc7 Rxc7 30.a3 Nd3
31.Bf1 Nxb2 32.Qxb2 Bxf1 33.Rxf1 Qc8 34.Rd1 Rc3 35.Rd2 Rc1 36.Rc2 Rxc2 37.Qxc2 Qa6
38.a4 Bf8 39.Kg2 Bh6 40.f4 Bf8 41.Kf2 Bb4 42.Qe2 Qc8 43.Qc2 Qc3 44.Qxc3 Bxc3
45.Nc2 Kf8 46.Ke3 a5 47.Kd3 Bb2 48.Kd2 Ke7 49.Kd3 f6 50.Ne3 Bc1 51.Nc2 fxe5
52.dxe5 Bb2 53.Ne1 Ba3 54.Nf3 Bc5 55.Ke2 Kd7 56.Ng5 Be7 57.Nf3 Bc5 58.Ng5 Be7
59.Nf3 Bc5  1/2-1/2

[Event "Dos Hermanas Blitz Final"]
[Site "ICC INT"]
[Date "2010.03.20"]
[Round "5.3"]
[White "Zinchenko,Ya"]
[Black "Nakamura,Hi"]
[Result "1/2-1/2"]
[WhiteElo "2546"]
[BlackElo "2735"]

1.e4 b6 2.d4 Bb7 3.Bd3 e6 4.Qe2 d5 5.e5 c5 6.c3 Qc8 7.Be3 Ba6 8.Nf3 Bxd3
9.Qxd3 Qa6 10.Qxa6 Nxa6 11.Nbd2 Ne7 12.Ke2 Nc6 13.a3 c4 14.Ne1 f5 15.exf6 gxf6
16.f4 Bd6 17.Ndf3 Kd7 18.g3 h5 19.Ng2 Rag8 20.Rae1 Nc7 21.Kf2 Ne7 22.Ngh4 Ne8
23.Bd2 Bc7 24.Re2 Nd6 25.Rhe1 Ne4+ 26.Kg2 f5 27.Ne5+ Bxe5 28.fxe5 b5 29.Bf4 Nc8
30.Nf3 Nb6 31.Nd2 a5 32.Kf3 Na4 33.Nf1 Rb8 34.Ra1 Ra8 35.Ne3 Rhb8 36.h3 b4
37.axb4 axb4 38.cxb4 Rxb4 39.Nd1 Rab8 40.Bc1 Rb3+ 41.Re3 Rxe3+ 42.Nxe3 Rb4
43.g4 hxg4+ 44.hxg4 fxg4+ 45.Kxg4 c3 46.bxc3 Nexc3 47.Nc2 Rc4 48.Be3 Nb5
49.Na3 Nxa3 50.Rxa3  1/2-1/2

[Event "Dos Hermanas Blitz Final"]
[Site "ICC INT"]
[Date "2010.03.20"]
[Round "5.2"]
[White "Nakamura,Hi"]
[Black "Zinchenko,Ya"]
[Result "1-0"]
[WhiteElo "2735"]
[BlackElo "2546"]

1.e4 Nf6 2.e5 Nd5 3.c4 Nb6 4.d4 d6 5.exd6 cxd6 6.Nc3 g6 7.b3 Bg7 8.Be3 O-O
9.Rc1 Bf5 10.Nf3 Bg4 11.Be2 d5 12.c5 Nc8 13.b4 Nc6 14.b5 Na5 15.O-O Bxf3
16.Bxf3 e6 17.Be2 Ne7 18.Bd3 Nf5 19.Ne2 a6 20.a4 axb5 21.axb5 Nc4 22.Bxc4 dxc4
23.Rxc4 Qd5 24.Qc2 Rfd8 25.Nf4 Qd7 26.c6 bxc6 27.bxc6 Qc7 28.Ne2 Nd6 29.Rc5 Nf5
30.Bf4 Qe7 31.c7 Rdc8 32.Be5 f6 33.Bg3 Qd7 34.Qc4 Kh8 35.Rb1 Ra4 36.Qb5 Qxb5
37.Rcxb5 Ne7 38.Bd6 Nc6 39.Rb8 Na7 40.Bc5 h5 41.Bxa7 Rxa7 42.Rxc8+  1-0

[Event "Dos Hermanas Blitz Final"]
[Site "ICC INT"]
[Date "2010.03.20"]
[Round "5.4"]
[White "Nakamura,Hi"]
[Black "Zinchenko,Ya"]
[Result "1-0"]
[WhiteElo "2735"]
[BlackElo "2546"]

1.e4 c5 2.Nf3 Nc6 3.d4 cxd4 4.Nxd4 Nf6 5.Nc3 d6 6.Bg5 e6 7.Qd2 Be7 8.O-O-O a6
9.f3 Nxd4 10.Qxd4 b5 11.h4 Bb7 12.h5 h6 13.Be3 Rc8 14.g4 Qc7 15.Rh2 d5 16.e5 Nd7
17.f4 b4 18.Nb1 Qa5 19.b3 Qxa2 20.Qb2 Qa5 21.Nd2 Nc5 22.Kb1 Qc7 23.f5 Bg5
24.Bxg5 hxg5 25.Rf2 a5 26.Qd4 Ba6 27.Bxa6 Nxa6 28.Nf3 a4 29.fxe6 fxe6 30.Nxg5 axb3
31.cxb3 Nc5 32.Nf7 Ne4 33.Nd6+ Nxd6 34.exd6 Qxd6 35.Qxg7 Rf8 36.Rdf1 Rxf2
37.Rxf2 Qc5 38.Qb2 d4 39.h6 Ke7 40.h7 Qg5 41.Qd2 Qg6+ 42.Kb2 Qxh7 43.Qxb4+ Kd7
44.Qxd4+ Ke8 45.Qa4+ Kd8 46.Rd2+ Kc7 47.Qa7+ Kc6 48.Qxh7 Kb5 49.Qb7+ Ka5
50.Ka3 Rc4 51.bxc4 e5 52.Qb5+  1-0

[Event "ch-USA"]
[Site "Saint Louis USA"]
[Date "2010.05.16"]
[Round "3"]
[White "Kamsky,G"]
[Black "Nakamura,Hi"]
[Result "1/2-1/2"]
[WhiteElo "2702"]
[BlackElo "2733"]

1.d4 Nf6 2.c4 g6 3.Nc3 Bg7 4.e4 d6 5.Nf3 O-O 6.Be2 e5 7.O-O Nc6 8.d5 Ne7
9.b4 Ne8 10.a4 f5 11.a5 Nf6 12.Bg5 Nh5 13.Nd2 Nf4 14.c5 h6 15.Bxf4 exf4 16.Rc1 fxe4
17.Ndxe4 Nf5 18.Re1 Be5 19.Nd2 Nd4 20.Nf3 Nxf3+ 21.Bxf3 a6 22.Na4 Bf5 23.cxd6 Bxd6
24.Nc5 Rb8 25.Ne6 Bxe6 26.dxe6 Qe7 27.Qd3 Kg7 28.b5 axb5 29.Qxb5 Rf5 30.Qb2+ Qf6
31.Qd2 Rd8 32.h3 h5 33.Rc4 Be7 34.Qc1 c6 35.a6 bxa6 36.Rxc6 Re5 37.Rxa6 Rd6  1/2-1/2

[Event "Living Chess"]
[Site "Banska Stiavnica SVK"]
[Date "2010.07.16"]
[Round "1"]
[White "Movsesian,S"]
[Black "Nakamura,Hi"]
[Result "1/2-1/2"]
[WhiteElo "2723"]
[BlackElo "2729"]

1.e4 c5 2.d3 Nc6 3.g3 g6 4.Bg2 Bg7 5.f4 d6 6.Nf3 Nh6 7.c3 O-O 8.O-O f5 9.h3 Rb8
10.a4 Bd7 11.Be3 a6 12.Nbd2 Kh8 13.exf5 Nxf5 14.Bf2 b5 15.axb5 axb5 16.Ne4 b4
17.Qd2 bxc3 18.bxc3 Rb3 19.Rab1 Qb6 20.Rxb3 Qxb3 21.Nfg5 Nd8 22.g4 Nh6 23.d4 cxd4
24.Bxd4 Nhf7 25.Bxg7+ Kxg7 26.Re1 Qb6+ 27.Kh2 Bc6 28.c4 h6 29.Nxf7 Rxf7 30.f5 gxf5
31.gxf5 Rxf5 32.Ng3 Rf2 33.Rxe7+ Nf7 34.Re2 Rxe2 35.Qxe2 Ne5 36.Nf5+ Kf6
37.Nxh6 Bxg2 38.Qxg2 Qe3 39.Ng4+ Nxg4+ 40.Qxg4 Qf2+ 41.Kh1 Qf1+ 42.Kh2 Qf2+
43.Kh1  1/2-1/2

[Event "5th NH Chess Tournament Playoff"]
[Site "Amsterdam NED"]
[Date "2010.08.22"]
[Round "1"]
[White "Nakamura,Hi"]
[Black "Giri,A"]
[Result "1-0"]
[WhiteElo "2729"]
[BlackElo "2672"]

1.d4 d5 2.Bg5 c6 3.e3 h6 4.Bf4 Bf5 5.c4 e6 6.Nc3 Nf6 7.Qb3 Qb6 8.c5 Qxb3
9.axb3 a6 10.b4 Nh5 11.Bc7 Nd7 12.b5 cxb5 13.Nxb5 Rc8 14.Nd6+ Bxd6 15.Bxd6 Nhf6
16.f3 Nb8 17.Ne2 Kd7 18.Nc3 Ne8 19.Bf4 Nc6 20.Na4 Ke7 21.Kd2 f6 22.g4 Bg6
23.Kc3 e5 24.Bg3 Nc7 25.h4 Rcd8 26.f4 Be4 27.Rh2 exd4+ 28.exd4 Nb5+ 29.Bxb5 axb5
30.Nb6 b4+ 31.Kb3 Nxd4+ 32.Kxb4 Nc2+ 33.Rxc2 Bxc2 34.Ra7 f5 35.Rxb7+ Ke6
36.Kc3 Bb1 37.Kd4 fxg4 38.b4 Rhe8 39.c6 Kd6 40.c7  1-0

[Event "5th NH Chess Tournament Playoff"]
[Site "Amsterdam NED"]
[Date "2010.08.22"]
[Round "2"]
[White "Giri,A"]
[Black "Nakamura,Hi"]
[Result "0-1"]
[WhiteElo "2672"]
[BlackElo "2729"]

1.d4 Nf6 2.c4 e6 3.g3 d5 4.Nf3 Bb4+ 5.Bd2 Be7 6.Bg2 c6 7.O-O O-O 8.Qc2 b6
9.Rd1 Ba6 10.b3 Nbd7 11.Bf4 Rc8 12.Nc3 c5 13.dxc5 Bxc5 14.a3 b5 15.b4 Bxf2+
16.Kxf2 Rxc4 17.Rd3 e5 18.Bg5 e4 19.Rxd5 Qb6+ 20.Kf1 Nxd5 21.Nxd5 Rxc2 22.Nxb6 exf3
23.Nxd7 fxg2+ 24.Kf2 Re8 25.Be3 Bc8 26.Nc5 Bg4  0-1

[Event "TCh-ESP CECLUB Honor"]
[Site "Sestao ESP"]
[Date "2010.08.28"]
[Round "6"]
[White "Nakamura,Hi"]
[Black "Navara,D"]
[Result "1-0"]
[WhiteElo "2729"]
[BlackElo "2731"]

1.g3 d5 2.Bg2 e5 3.d3 Nf6 4.Nf3 Bd6 5.O-O O-O 6.Nbd2 c6 7.e4 Bg4 8.h3 Bh5
9.Qe1 Re8 10.Nh4 Na6 11.a3 Nc5 12.b3 dxe4 13.dxe4 b5 14.Bb2 Ne6 15.Ndf3 Bxf3
16.Nxf3 Qc7 17.Qe2 a6 18.Rfd1 c5 19.c3 Qc6 20.Ne1 Bc7 21.Nc2 Ng5 22.h4 Ne6
23.Ne3 Nf8 24.c4 Rab8 25.Rac1 Ne6 26.Nd5 Nd4 27.Bxd4 exd4 28.b4 cxb4 29.Nxb4 Qd6
30.cxb5 axb5 31.Nc6 Rbc8 32.Nxd4 Qxa3 33.Bh3 Rxe4 34.Qc2 Bxg3 35.Qxc8+ Re8
36.Qf5 Bxh4 37.Qf3 Qb4 38.Qf4  1-0

[Event "USCL"]
[Site "ICC INT"]
[Date "2010.08.30"]
[Round "2"]
[White "Gurevich,D"]
[Black "Nakamura,Hi"]
[Result "0-1"]
[WhiteElo "2466"]
[BlackElo "2729"]

1.Nf3 b6 2.g3 Bb7 3.Bg2 c5 4.c4 Nf6 5.O-O e6 6.Nc3 Be7 7.d4 cxd4 8.Qxd4 d6
9.b3 O-O 10.Rd1 Nbd7 11.Bb2 a6 12.Qe3 Qc7 13.Rac1 Rfe8 14.h3 Rac8 15.Nd4 Bxg2
16.Kxg2 Bf8 17.Kg1 Qb8 18.Qf3 Rc7 19.Nc6 Qc8 20.Nd4 Nc5 21.Kh2 Nfd7 22.Qg2 g6
23.Nf3 Nb7 24.e3 Bg7 25.Nd4 Rd8 26.Nde2 Ne5 27.Ba3 Qb8 28.Ne4 Rcc8 29.f4 Nc6
30.Rc2 b5 31.cxb5 axb5 32.Rxc6 Rxc6 33.Nf6+ Bxf6 34.Qxc6 Qa7 35.Bc1 Qxa2
36.Rd2 Qa8 37.b4 d5 38.Qxb5 Nd6 39.Qd3 Ne4 40.Rc2 Nf2 41.Qa3 Qxa3 42.Bxa3 Ra8
43.Bb2 Bxb2 44.Rxb2 Nd1 45.Rb1 Ra2 46.Rxd1 Rxe2+ 47.Kg1 Rxe3 48.Rb1 Rxg3+
49.Kf2 Rc3 50.b5 Kf8 51.b6 Rc8 52.Ke3 Ke7 53.Kd4 Kd6 54.h4 f6 55.b7 e5+ 56.Ke3 Rb8
57.Rb6+ Kc5 58.Rxf6 exf4+ 59.Rxf4 Rxb7 60.h5 g5 61.Rf5 Rg7 62.Kf3 Kc4 63.Rf6 g4+
64.Kg3 d4 65.Rc6+ Kd5 66.h6 Rd7 67.Rc8 d3 68.Kf2 d2 69.Ke2 Ke4 70.Kd1 Rd6
71.Rg8 Kf3 72.Rg7 Rxh6 73.Kxd2 g3  0-1

[Event "4th BATB Open"]
[Site "Lloydminster CAN"]
[Date "2010.09.04"]
[Round "2"]
[White "Yam,Alex"]
[Black "Nakamura,Hi"]
[Result "0-1"]
[WhiteElo "2156"]
[BlackElo "2733"]

1.c4 g6 2.g3 Bg7 3.Bg2 Nc6 4.Nc3 d6 5.d3 Bd7 6.Bd2 h5 7.Nf3 Qc8 8.h3 Nh6
9.Rb1 Nd8 10.b4 e5 11.c5 dxc5 12.bxc5 Bc6 13.Qb3 Ne6 14.Qc4 Qd7 15.O-O Nf5
16.e4 Nfd4 17.Nxd4 Nxd4 18.f4 b5 19.cxb6 axb6 20.a4 Ra5 21.Kh1 Rc5 22.Qa2 h4
23.g4 exf4 24.Rbc1 f3 25.Bxf3 Nxf3 26.Rxf3 f5 27.gxf5 Rxf5 28.Rcf1 Rxf3 29.Rxf3 Rf8
30.Rxf8+ Kxf8 31.Qc4 Qxh3+ 32.Kg1 Qg3+  0-1

[Event "4th BATB Open"]
[Site "Lloydminster CAN"]
[Date "2010.09.05"]
[Round "3"]
[White "Nakamura,Hi"]
[Black "Teplitsky,Y"]
[Result "1-0"]
[WhiteElo "2733"]
[BlackElo "2448"]

1.d4 Nf6 2.c4 e6 3.Nc3 Bb4 4.Qc2 c5 5.dxc5 Na6 6.a3 Bxc3+ 7.Qxc3 Nxc5 8.b4 Nce4
9.Qb2 d5 10.c5 d4 11.e3 e5 12.Nf3 Nc3 13.Bc4 b5 14.cxb6 Bb7 15.Nxe5 Bxg2
16.Rg1 Bd5 17.exd4 Nfe4 18.Be3 f6 19.Bxd5 Qxd5 20.f3 fxe5 21.fxe4 Nxe4 22.Rxg7 axb6
23.Qc2 exd4 24.O-O-O Qe6 25.Rxd4 Rc8 26.Rc7 Rxc7 27.Qxc7 O-O 28.Qc4 Re8 29.Qxe6+ Rxe6
30.Rd8+ Kf7 31.Rd7+ Kg6 32.Rb7 b5 33.Rxb5 Nc3 34.Rb6  1-0

[Event "4th BATB Open"]
[Site "Lloydminster CAN"]
[Date "2010.09.05"]
[Round "5"]
[White "Nakamura,Hi"]
[Black "Yoos,J"]
[Result "1-0"]
[WhiteElo "2733"]
[BlackElo "2388"]

1.d4 Nf6 2.Bg5 c5 3.d5 Ne4 4.Bc1 e5 5.c3 f5 6.Nh3 d6 7.f3 Nf6 8.Nf2 g6 9.e4 Bg7
10.Bb5+ Kf7 11.a4 Rf8 12.b4 cxb4 13.cxb4 a6 14.Be2 a5 15.bxa5 Qxa5+ 16.Bd2 Qd8
17.Na3 Na6 18.Nc4 Kg8 19.O-O Rf7 20.Qb1 Qf8 21.Qb6 Ne8 22.Nd3 Nb8 23.Qb3 Nd7
24.Bb4 Qe7 25.a5 f4 26.Ndb2 g5 27.Na4 Rb8 28.Rac1 Ndf6 29.Nab6 Bd7 30.Nxd7 Qxd7
31.Nb6 Qd8 32.Rc4 Bf8 33.Rfc1 Rg7 34.Rc8 Rxc8 35.Rxc8 Qe7 36.Bb5 g4 37.Nc4 Rg6
38.Qa3 gxf3 39.Qxf3 Kg7 40.Bxe8 Nxe8 41.Nxe5  1-0

[Event "USCL"]
[Site "ICC INT"]
[Date "2010.09.07"]
[Round "3"]
[White "Ramirez,Alej"]
[Black "Nakamura,Hi"]
[Result "0-1"]
[WhiteElo "2562"]
[BlackElo "2729"]

1.d4 Nf6 2.c4 e6 3.g3 d5 4.Nf3 Bb4+ 5.Bd2 Be7 6.Bg2 c6 7.O-O O-O 8.Bf4 Nbd7
9.Nc3 b6 10.cxd5 cxd5 11.Rc1 Nh5 12.Bd2 Nhf6 13.Bf4 Nh5 14.Bd2 Bb7 15.Ne5 Nhf6
16.f4 Rc8 17.Bh3 g6 18.Be3 a6 19.g4 Kh8 20.Qb3 b5 21.g5 Nh5 22.Nxf7+ Rxf7
23.Bxe6 Rf8 24.Bxd5 Bxd5 25.Qxd5 Nb6 26.Qe4 Nc4 27.b3 Nxe3 28.Qxe3 Bd6 29.Nd5 Rxc1
30.Rxc1 Nxf4 31.Nf6 Qe7  0-1

[Event "USCL"]
[Site "ICC INT"]
[Date "2010.09.13"]
[Round "4"]
[White "Nakamura,Hi"]
[Black "Becerra Rivero,J"]
[Result "1/2-1/2"]
[WhiteElo "2729"]
[BlackElo "2557"]

1.b3 e5 2.Bb2 Nc6 3.e3 Nf6 4.Bb5 Bd6 5.Bxc6 dxc6 6.d3 O-O 7.Nd2 Re8 8.h3 a5
9.a4 Nd7 10.Ngf3 Qf6 11.O-O Qh6 12.e4 Re6 13.Nh2 Rg6 14.Ng4 Rxg4 15.hxg4 Nf6
16.g5 Qxg5 17.f4 Qh6 18.Nf3 Ng4 19.Re1 exf4 20.Bc1 Be6 21.e5 Bb4 22.Re4 g5
23.Qe2 Bc3 24.Rb1 Bd5 25.Bb2 Bxb2 26.Rxb2 Re8 27.c4 Bxe4 28.Qxe4 Nxe5 29.Nxe5 Qg7
30.d4 f6 31.b4 fxe5 32.bxa5 Rd8 33.Qxe5 Qxe5 34.dxe5 Ra8 35.Rxb7 Rxa5 36.e6 Kf8
37.Rxc7 Rxa4 38.Rxc6 Ke7 39.Rc7+ Kxe6 40.Rxh7 Rxc4 41.Rh3 Rc1+ 42.Kf2 g4
43.Ra3 Rc2+ 44.Kf1 g3 45.Ra5 Rd2 46.Rb5 Rf2+ 47.Kg1 Re2 48.Kf1 Re5 49.Rb8 Kf5
50.Rf8+ Kg4 51.Rg8+ Rg5 52.Ra8 Rb5 53.Rg8+ Kf5 54.Rf8+ Ke4 55.Re8+ Re5 56.Ra8 Rc5
57.Re8+ Re5 58.Rf8 Ke3 59.Ke1 Re7 60.Ra8 Rd7 61.Re8+ Kd3 62.Rf8 Rd4 63.Rf7 Re4+
64.Kf1 Rc4 65.Rd7+ Rd4 66.Ra7 Kd2 67.Ra2+ Ke3 68.Re2+ Kd3 69.Re7 Kd2 70.Ra7 Rd3
71.Re7 Ra3 72.Rd7+ Ke3 73.Re7+ Kd3 74.Rd7+ Ke4 75.Re7+ Kf5 76.Re1 Ra2 77.Kg1 Rf2
78.Re8 Rd2 79.Re1 Rd5 80.Kf1 Re5 81.Ra1 Kg4 82.Rb1 Rh5 83.Kg1 Rh8 84.Ra1 Rd8
85.Rb1 Rd6 86.Kf1 Kf5 87.Re1 Rh6 88.Kg1 Re6 89.Ra1 Re2 90.Kf1 Rf2+ 91.Kg1 Ke4
92.Ra4+ Kd3 93.Ra3+ Kc4 94.Ra4+ Kb3 95.Ra8  1/2-1/2

[Event "39th Olympiad Men"]
[Site "Khanty-Mansiysk RUS"]
[Date "2010.09.24"]
[Round "4"]
[White "Kramnik,V"]
[Black "Nakamura,Hi"]
[Result "1/2-1/2"]
[WhiteElo "2780"]
[BlackElo "2733"]

1.Nf3 Nf6 2.c4 g6 3.Nc3 Bg7 4.e4 d6 5.d4 O-O 6.Be2 e5 7.O-O Nc6 8.d5 Ne7
9.Nd2 Ne8 10.b4 f5 11.c5 Nf6 12.a4 f4 13.Nc4 g5 14.Ba3 g4 15.cxd6 cxd6 16.b5 Ne8
17.Bxg4 Qc7 18.Be2 f3 19.b6 axb6 20.Nb5 fxe2 21.Qxe2 Qd8 22.Nbxd6 Nxd6 23.Bxd6 Rf7
24.Bxe5 Ng6 25.Bxg7 Nf4 26.Qe3 Qg5 27.g3 Qxg7 28.Nxb6 Bg4 29.Nxa8 Ne2+ 30.Kg2 Bf3+
31.Qxf3 Rxf3 32.Kxf3 Nd4+ 33.Kg2 Qf8 34.Rfe1 Qxa8 35.Red1 Nc2 36.Rac1 Qxa4
37.d6 Qxe4+ 38.Kg1 Nd4 39.d7 Nf3+ 40.Kf1 Nxh2+ 41.Kg1 Nf3+  1/2-1/2

[Event "39th Olympiad Men"]
[Site "Khanty-Mansiysk RUS"]
[Date "2010.09.25"]
[Round "5"]
[White "Nakamura,Hi"]
[Black "Flores,Di"]
[Result "1-0"]
[WhiteElo "2733"]
[BlackElo "2615"]

1.g3 c5 2.Bg2 Nc6 3.Nf3 g6 4.c3 Bg7 5.d4 cxd4 6.cxd4 d5 7.Nc3 Nf6 8.Ne5 O-O
9.O-O Nd7 10.Nxc6 bxc6 11.e4 dxe4 12.Bxe4 Nb6 13.Bxc6 Bh3 14.Re1 Rc8 15.Bf3 Bxd4
16.Nb5 Bf6 17.Nxa7 Qxd1 18.Rxd1 Rc2 19.Nc6 Na4 20.Bh6 Nxb2 21.Rdc1 Rxc1+
22.Rxc1 Re8 23.g4 e5 24.Be2 e4 25.Rb1 Nd3 26.a4 Bh4 27.Be3 f5 28.gxf5 gxf5
29.Bd4 f4 30.a5 e3 31.fxe3 Bf2+ 32.Kh1 Ne1 33.Rxe1 Bxe1 34.a6 Be6 35.Bf3 fxe3
36.Bxe3 Bc8 37.a7 Bb7 38.Ne7+ Rxe7 39.Bxb7 Re8 40.a8=R Rxa8 41.Bxa8 Bc3 42.Kg2 Bb2
43.Kf3 Bc3 44.Ke4 Bb2 45.Kf5 Bc3 46.Ke6 Bb2 47.Kf5 Bc3 48.Kg5 Bb2 49.Kh5 Bc3
50.h4 Bb2 51.Kh6 Bc3 52.Be4 Kh8 53.Kg5 Bb2 54.h5 Kg8 55.Bd5+ Kh8 56.Kf5 Bc3
57.h6 Bb2 58.Ke6 Kg8 59.Ke7+ Kh8 60.Kf7 Bc3 61.Bc5  1-0

[Event "39th Olympiad Men"]
[Site "Khanty-Mansiysk RUS"]
[Date "2010.09.27"]
[Round "6"]
[White "Le Quang Liem"]
[Black "Nakamura,Hi"]
[Result "0-1"]
[WhiteElo "2694"]
[BlackElo "2733"]

1.d4 Nf6 2.c4 e6 3.Nf3 b6 4.g3 Bb7 5.Bg2 Be7 6.O-O O-O 7.Re1 c5 8.d5 exd5
9.Nh4 Ne4 10.cxd5 Bxh4 11.Bxe4 Bf6 12.Nc3 d6 13.Bg2 Nd7 14.Bf4 Qe7 15.Qc2 h6
16.Rad1 a6 17.a4 Rab8 18.Ne4 Be5 19.Bxe5 Nxe5 20.f4 Nd7 21.Nf2 b5 22.e4 c4
23.Qc3 Rfe8 24.e5 dxe5 25.fxe5 Qc5 26.axb5 axb5 27.e6 Nf6 28.Qe5 fxe6 29.dxe6 Qxe5
30.Rxe5 Bxg2 31.Kxg2 Rb6 32.Rde1 Kf8 33.h4 Rc8 34.Nh3 b4 35.Nf4 c3 36.bxc3 bxc3
37.Rc1 c2 38.Re2 Rbc6 39.e7+ Ke8 40.Ne6 Nh5 41.Nd4 Rg6 42.Re3 Rd6 43.Nf3 Rd1
44.Re1 Rxc1 45.Rxc1 Nf6 46.Nd4 Nd5 47.Nf5 Rc3 48.Nxg7+ Kxe7 49.Nf5+ Kf6 50.Nd4 Nb4
51.Kh3 Ke5 52.Nxc2 Nxc2 53.Rb1 Ne3 54.Rb5+ Ke4 55.Rb4+ Kf3 56.Rf4+ Ke2 57.h5 Rc1
58.Kh2 Rc4 59.Rf8 Rc5 60.g4 Nxg4+ 61.Kg3 Ne3 62.Kh4 Rg5 63.Rf6 Nf5+ 64.Kh3 Kf3  0-1

[Event "39th Olympiad Men"]
[Site "Khanty-Mansiysk RUS"]
[Date "2010.09.30"]
[Round "9"]
[White "Topalov,V"]
[Black "Nakamura,Hi"]
[Result "1/2-1/2"]
[WhiteElo "2803"]
[BlackElo "2733"]

1.d4 d5 2.c4 e6 3.Nf3 Nf6 4.Nc3 Be7 5.Bg5 O-O 6.e3 h6 7.Bh4 Ne4 8.Bxe7 Qxe7
9.Rc1 c6 10.Be2 Nd7 11.O-O Nxc3 12.Rxc3 dxc4 13.Bxc4 b6 14.Bd3 c5 15.Qc2 Bb7
16.Bh7+ Kh8 17.Be4 Bxe4 18.Qxe4 Nf6 19.Qc2 Rfc8 20.Rc1 Qb7 21.Rc4 a5 22.Ne5 Kg8
23.dxc5 Rxc5 24.Rxc5 bxc5 25.b3 Rc8 26.Nc4 Qc7 27.Rd1 Ra8 28.g3 Nd5 29.h4 Nb4
30.Qe4 Rd8 31.Rxd8+ Qxd8 32.Qb1 g5 33.hxg5 hxg5 34.a3 Nc6 35.Qc2 Qd5 36.Nb6 Qd6
37.Nc4 Qd5 38.Qc3 g4 39.a4 Nb4 40.Qf6 Nc6 41.Qf4 f5 42.Qc7 Qd1+ 43.Kh2 Qf3
44.Qc8+ Kg7 45.Qd7+ Kf6 46.Kg1 Qd5 47.Qc8 Qd1+ 48.Kh2 Qf3 49.Qf8+ Kg6 50.Qg8+ Kf6
51.Qh8+ Kg6 52.Qg8+ Kf6 53.Qf8+  1/2-1/2

[Event "39th Olympiad Men"]
[Site "Khanty-Mansiysk RUS"]
[Date "2010.10.03"]
[Round "11"]
[White "Dominguez Perez,L"]
[Black "Nakamura,Hi"]
[Result "1/2-1/2"]
[WhiteElo "2716"]
[BlackElo "2733"]

1.e4 e5 2.Nf3 Nc6 3.Bb5 a6 4.Ba4 Nf6 5.O-O Be7 6.Re1 b5 7.Bb3 d6 8.c3 O-O
9.h3 Na5 10.Bc2 c5 11.d4 Nd7 12.b3 Bf6 13.Be3 exd4 14.cxd4 Bb7 15.Nc3 Nc6
16.Rc1 cxd4 17.Nxd4 Nxd4 18.Bxd4 Rc8 19.Bb1 b4 20.Ne2 Rxc1 21.Qxc1 Re8 22.Bxf6 Nxf6
23.Ng3 g6 24.f3 a5 25.Qd2 Qe7 26.Nf1 Nd5 27.Bd3 Nc3 28.a3 d5 29.axb4 Qxb4
30.Rc1 dxe4 31.Rxc3 exd3 32.Rxd3 Ba6 33.Re3 Rc8 34.Qxb4 axb4 35.Nd2 Rd8 36.Ne4 Rd1+
37.Kf2 Rf1+ 38.Kg3 Kg7 39.Nc5 Bb5 40.Nd3 Rd1 41.Nxb4 Rd4 42.Nc2 Rd6 43.Rc3 Bd7
44.b4 Rd2 45.Rc5 h5 46.h4 Ba4 47.Ne3 Rd4 48.Rxh5 Rxb4 49.Rc5 Bb3 50.Ng4 Be6
51.Nf2 Bf5 52.Nd1 Be6 53.Re5 Rb3 54.Rc5 Rd3 55.Nc3 Rd2 56.Ne4 Rd7 57.Ra5 Bf5
58.Nc3 Be6 59.Ne2 Rc7 60.Nf4 Bc8 61.h5 Bf5 62.hxg6 Bxg6 63.Ra6 Rb7 64.Rd6 Rb4
65.Ne2 Rb2 66.Nf4 Rb4 67.Ra6 Rc4 68.Rb6 Ra4 69.Nd5 Bf5 70.Nf4 Bg6 71.Kg4 Kh6
72.Rb5 Rc4 73.Kg3 Ra4 74.Rd5 Kg7 75.Ne2 Kf6 76.Kf2 Bf5 77.Kg3 Bg6 78.Rc5 Kg7
79.Nc3 Rb4 80.Nd5 Ra4 81.Kh3 Ra3 82.Nc3 Bd3 83.g4 Ra1 84.Nd5 Ra3 85.Kh4 Bg6
86.Nc3 Ra1 87.Ne2 Ra2 88.Re5 Ra1 89.Kg3 Ra3 90.Nf4 Rb3 91.Ng2 Ra3 92.Nh4 Bc2
93.Re8 Rc3 94.Re1 Bg6 95.Ng2 Ra3 96.Ne3 Rb3 97.Nd5 Rd3 98.Nf4 Ra3 99.Re5 Bc2
100.Nh5+ Kf8 101.Kf2 Bd1 102.Rf5 Bc2 103.Rf4 Bg6 104.Nf6 Ke7 105.Nd5+ Ke6
106.Ne3 Ra2+ 107.Kg3 Ra3 108.Ng2 Ke7 109.Rd4 Kf6 110.Kf4 Ra5 111.Ne3 Kg7
112.Nd5 Rc5 113.g5 Bb1 114.Nf6 Rf5+ 115.Kg4 Kg6 116.f4 Ra5 117.Nd5 Bf5+ 118.Kf3 Be6
119.Ne7+ Kg7 120.Ke4 f6 121.Rd6 Kf7 122.Nc6 Bf5+ 123.Kd4 Ra4+ 124.Kc5 fxg5
125.fxg5 Kg7 126.Rf6 Bb1 127.Ne5 Ra7 128.Rb6 Bf5 129.Kd6 Be4 130.Ke6 Ra8
131.Rb4 Ra6+ 132.Ke7 Bd5 133.Rd4 Re6+ 134.Kd7 Rxe5 135.Kd6 Rxg5 136.Rxd5 Rxd5+
137.Kxd5  1/2-1/2

[Event "USCL"]
[Site "ICC INT"]
[Date "2010.10.04"]
[Round "7"]
[White "Nakamura,Hi"]
[Black "Gurevich,D"]
[Result "1-0"]
[WhiteElo "2729"]
[BlackElo "2466"]

1.d4 d5 2.Nd2 Nf6 3.c4 e6 4.cxd5 Qxd5 5.Ngf3 c5 6.e4 Nxe4 7.Bc4 Qf5 8.Bd3 Nxf2
9.Bb5+ Bd7 10.Bxd7+ Nxd7 11.Kxf2 cxd4 12.Re1 Nc5 13.Kg1 Nd3 14.Re4 Rc8 15.Qf1 Nb4
16.a3 Nc6 17.b4 Be7 18.Bb2 O-O 19.Qd3 Qd5 20.Re2 Rfd8 21.b5 Na5 22.Re5 Qd7
23.Rh5 f5 24.Re1 Bf6 25.Rh3 Rc5 26.g4 Qxb5 27.Qxb5 Rxb5 28.g5 Bxg5 29.Nxg5 Rxb2
30.Rd3 h6 31.Nxe6 Re8 32.Rxd4 Nb3 33.Nxb3 Rxb3 34.Rd7 Kh8 35.Re5 Rxa3 36.Rd1 Ra6
37.Ng5 Rxe5 38.Rd8+  1-0

[Event "Trophee CCAS GpA"]
[Site "Cap d'Agde FRA"]
[Date "2010.10.24"]
[Round "3"]
[White "Nakamura,Hi"]
[Black "Nguyen Ngoc Truong Son"]
[Result "1-0"]
[WhiteElo "2733"]
[BlackElo "2633"]

1.e4 e6 2.d4 d5 3.Nc3 Nc6 4.e5 f6 5.Bb5 Bd7 6.Nf3 Qe7 7.O-O O-O-O 8.Re1 Qf7
9.a3 Nge7 10.b4 Ng6 11.Bd3 fxe5 12.dxe5 Be7 13.b5 Na5 14.Bd2 b6 15.Ne2 Bc5
16.Bb4 Nh4 17.Ned4 Nxf3+ 18.Nxf3 Qe7 19.c3 Rdf8 20.Nd4 Rf4 21.Ra2 Rhf8 22.Qa4 Kd8
23.g3 R4f7 24.Bxh7 g5 25.Bd3 g4 26.Bxc5 Qxc5 27.Qb4 c6 28.a4 Qe7 29.bxc6 Bxc6
30.Qxa5  1-0

[Event "Trophee CCAS GpA"]
[Site "Cap d'Agde FRA"]
[Date "2010.10.26"]
[Round "6"]
[White "Bu Xiangzhi"]
[Black "Nakamura,Hi"]
[Result "1/2-1/2"]
[WhiteElo "2695"]
[BlackElo "2733"]

1.Nf3 f5 2.g3 Nf6 3.Bg2 g6 4.O-O Bg7 5.d4 O-O 6.c4 d6 7.Nc3 c6 8.Rb1 Ne4
9.Nxe4 fxe4 10.Nd2 d5 11.e3 Nd7 12.b4 a6 13.Qb3 e6 14.cxd5 cxd5 15.Bb2 b5
16.f3 exf3 17.Nxf3 Nb6 18.Ne5 Bb7 19.Rxf8+ Qxf8 20.Rf1 Qe8 21.Qd1 a5 22.Bc3 axb4
23.Bxb4 Rxa2 24.Rf7 Nc4 25.Bh3 Nxe5 26.Rxb7 Nc6 27.Qg4 Ra1+ 28.Kg2 Ra2+ 29.Kg1 Ra1+
30.Kg2 Ra2+ 31.Kg1 Ra1+  1/2-1/2